| 000 | 00634nam a2200181Ia 4500 | ||
|---|---|---|---|
| 008 | 090630s9999 xx 000 0 und d | ||
| 082 | _b24411 | ||
| 100 | _aभोगले प्रभाकर. | ||
| 245 |
_aअसा धरी छंद. _cभोगले प्रभाकर. |
||
| 260 | _bशिखर प्र. ट्रस्ट - मुंबई. | ||
| 300 | _a0 | ||
| 600 | _aभोगले प्रभाकर. | ||
| 630 | _aअसा धरी छंद. | ||
| 655 | _aकादंबरी. | ||
| 700 | _aभोगले प्रभाकर. | ||
| 730 | _aअसा धरी छंद. | ||
| 942 | _cBOOK | ||
| 999 |
_c276267 _d276267 |
||